书目信息 |
| 题名: |
云原生应用开发
|
|
| 作者: | ;中国移动云能力中心 编著 | |
| 分册: | ||
| 出版信息: | 北京 人民邮电出版社 2021 |
|
| 页数: | 201页 | |
| 开本: | 24cm | |
| 丛书名: | 移动云技术系列丛书 | |
| 单 册: | ||
| 中图分类: | TP393.027 , TP393.02 | |
| 科图分类: | ||
| 主题词: | 云计算 | |
| 电子资源: | ||
| ISBN: | 978-7-115-57008-6 | |
| 000 | 01180oam2 2200277 450 | |
| 001 | 2236360865 | |
| 005 | 20221019100648.03 | |
| 010 | @a978-7-115-57008-6@dCNY69.80 | |
| 039 | @aA310000SHL@bUCS01004206605 | |
| 100 | @a20211022d2021 em y0chiy50 ea | |
| 101 | 0 | @achi |
| 102 | @aCN@b110000 | |
| 105 | @aa z 000yy | |
| 200 | 1 | @a云原生应用开发@9yun yuan sheng ying yong kai fa@eOperator原理与实践@f中国移动云能力中心编著 |
| 210 | @a北京@c人民邮电出版社@d2021 | |
| 215 | @a201页@c图@d24cm | |
| 225 | 2 | @a移动云技术系列丛书 |
| 330 | @a本书共分为4章,完整地介绍了Operator的开发原理和流程:第1章主要介绍云原生、Operator的起源和发展,以及Operator技术等;第2章主要介绍Operator原理,对开发Operator相关的模块,如Kube-APIServer和Client-go进行了分析。第3章介绍和分析目前应用广泛的Operator开发框架-Kubebuilder;第4章以实际的项目为例,完整地展现如何开发Operator。 | |
| 461 | 0 | @12001 @a移动云技术系列丛书 |
| 517 | 1 | @aOperator原理与实践@9Operatoryuan li yu shi jian |
| 606 | 0 | @a云计算 |
| 690 | @aTP393.027@v5 | |
| 690 | @aTP393.02@v4 | |
| 711 | 02 | @a中国移动云能力中心@9zhong guo yi dong yun neng li zhong xin@4编著 |
| 801 | 0 | @aCN@b91MARC@c20211129 |
| 905 | @aZUCC@dTP393.02@e6 | |
| 云原生应用开发:Operator原理与实践/中国移动云能力中心编著.-北京:人民邮电出版社,2021 |
| 201页:图;24cm.-(移动云技术系列丛书) |
| ISBN 978-7-115-57008-6:CNY69.80 |
| 本书共分为4章,完整地介绍了Operator的开发原理和流程:第1章主要介绍云原生、Operator的起源和发展,以及Operator技术等;第2章主要介绍Operator原理,对开发Operator相关的模块,如Kube-APIServer和Client-go进行了分析。第3章介绍和分析目前应用广泛的Operator开发框架-Kubebuilder;第4章以实际的项目为例,完整地展现如何开发Operator。 |
| ● |
| 相关链接 |
|
|
|
正题名:云原生应用开发
索取号:TP393.02/6
 
预约/预借
| 序号 | 登录号 | 条形码 | 馆藏地/架位号 | 状态 | 备注 |
| 1 | 2000914588 | 2000914588 | 第三书库/ [索取号:TP393.02/6] | 在馆 | |
| 2 | 2000914589 | 2000914589 | 第三书库/ [索取号:TP393.02/6] | 在馆 | |
| 3 | 2000914590 | 2000914590 | 第三书库/ [索取号:TP393.02/6] | 在馆 |